Statistics for Countries of the World by Country Tripoints

Click here to take the quiz!

General Stats

  • This quiz has been taken 38 times
  • The average score is 83 of 133

Answer Stats

COUNTRY% Correct
Germany
91%
Switzerland
91%
Austria
88%
France
88%
Russia
88%
China
85%
Andorra
82%
Czech Republic
82%
Spain
82%
Italy
79%
Poland
79%
Serbia
79%
Argentina
76%
Belgium
76%
Brazil
76%
Finland
76%
Norway
76%
Paraguay
76%
Albania
74%
Bolivia
74%
Bulgaria
74%
Colombia
74%
Greece
74%
Guyana
74%
India
74%
Liechtenstein
74%
Macedonia
74%
Suriname
74%
Sweden
74%
Venezuela
74%
Azerbaijan
71%
Belarus
71%
Chile
71%
Estonia
71%
Kazakhstan
71%
Latvia
71%
Libya
71%
Luxembourg
71%
Romania
71%
Slovakia
71%
Ukraine
71%
Uruguay
71%
Belize
68%
Cambodia
68%
Ecuador
68%
Georgia
68%
Guatemala
68%
Kosovo
68%
Kyrgyzstan
68%
Laos
68%
Mexico
68%
Moldova
68%
Mongolia
68%
Pakistan
68%
Peru
68%
Saudi Arabia
68%
South Africa
68%
Afghanistan
65%
Algeria
65%
Armenia
65%
Croatia
65%
Israel
65%
Lithuania
65%
Nepal
65%
Netherlands
65%
North Korea
65%
Oman
65%
Sudan
65%
Syria
65%
Vietnam
65%
Burma
62%
Hungary
62%
Iran
62%
Iraq
62%
Montenegro
62%
Mozambique
62%
Slovenia
62%
Tunisia
62%
Uzbekistan
62%
Yemen
62%
Bangladesh
59%
Bhutan
59%
Bosnia and Herzegovina
59%
Democratic Republic of the Congo
59%
Turkey
59%
Zambia
59%
Benin
56%
Egypt
56%
El Salvador
56%
Honduras
56%
Jordan
56%
Kuwait
56%
Lebanon
56%
Swaziland
56%
Botswana
53%
Burkina Faso
53%
Ethiopia
53%
Namibia
53%
Nigeria
53%
Republic of the Congo
53%
United Arab Emirates
53%
Guinea
50%
Niger
50%
Tajikistan
50%
Togo
50%
Turkmenistan
50%
Angola
47%
Cameroon
47%
Chad
47%
Djibouti
47%
Kenya
47%
Rwanda
47%
Senegal
47%
South Sudan
47%
Tanzania
47%
Thailand
47%
Uganda
47%
Burundi
44%
Central African Republic
44%
Eritrea
44%
Gabon
44%
Guinea-Bissau
44%
Malawi
44%
Mauritania
44%
Somalia
44%
Zimbabwe
44%
Equatorial Guinea
41%
Ghana
41%
Mali
41%
Liberia
38%
Sierra Leone
38%
Côte d'Ivoire
35%
Morocco
35%

Score Distribution

Percentile by Number Answered

Percent of People with Each Score

Your Score History

You have not taken this quiz